| 000 | 00587nam a2200181Ia 4500 | ||
|---|---|---|---|
| 003 | GCL | ||
| 008 | 140319s9999 xx 000 0 ara d | ||
| 040 |
_aGCL / _cGCL |
||
| 082 | 0 | 4 |
_aق _b962.031 _bص م |
| 100 | 1 | _aصالح جودت | |
| 245 | 1 | 0 |
_aمصر فى القرن التاسع عشر / _cصالح جودت |
| 260 |
_aالقاهرة : _bمطبعة الشعب |
||
| 300 |
_a78 ص ؛ _c19 سم |
||
| 490 |
_aمطبوعات الشعب _v0 |
||
| 650 | 0 | 4 | _aمصر - تاريخ - العصر الحديث (1805 - 1956 ) |
| 650 | 0 | 4 | _aمصر - دوائر معارف |
| 942 |
_2ddc _cBK |
||
| 999 |
_c51730 _d51730 |
||